000 00590nam a2200205Ia 4500
005 20230626145140.0
008 131103s9999 xx 000 0 und d
040 _aLoreto College
041 _aEnglish
082 _a301.15
_bKRE
100 _aKrech,David
245 _aTheory and problems of social psychology
_cDavid Krech
260 _aNew York
_bMcGraw - Hill Book Company
_c1948
300 _axv,639 p.
504 _aIncludes bibliographical references and index
650 _aSociology
651 _aPhilosophy and theory of social science
850 _aLCLIB
942 _cBK
999 _c11112
_d61591